000
00222 a2200109 4500
001
124104
040
_c
Escola Canadense de Niteroi
245
1
0
_a
Quadro Mapa Mundi
650
4
_a
Mapa
650
4
_a
Geografia
942
_c
MATP
999
_c
124104
_d
124104